000 01117nam a2200253Ia 4500
999 _c5234
_d5234
003 OSt
005 20200420101317.0
008 191128s2013 ck gr 000 0 spa d
020 _a9789587670868
040 _aCO-JMCR
_cCO-JMCR
041 0 _aspa
082 0 4 _a323.448 /
_bR256t
_223
100 1 _aRemolina Angarita, Nelson,
_eautor
_93217
245 1 0 _aTratamiento de datos personales :
_baproximación internacional y comentarios a la ley 1581 de 2012 /
_cNelson Remolina Angarita
250 _aPrimera edición
260 _aBogotá :
_bLegis,
_c2013
300 _a375 páginas ;
_c24 cm.
504 _aBibliografía: páginas 369-375
505 0 _aDel tratamiento de datos personales: conceptos y contexto internacional -- Aproximación constitucional al tratamiento de datos personales -- Hábeas data y tratamiento de datos personales en la jurisprudencia antes de la ley 1581 de 2012
650 1 4 _aLey 1581 de 2012 Protección de datos personales
_xlegislación
_zColombia
_93218
650 1 4 _aDerecho a la intimidad
_xlegislación
_zColombia
_93219
650 1 4 _aHábeas data
_93220
942 _2ddc
_cBK